Quizzes
Events
Quiz Creation
Community
Videos
Private Events
Remove Ads
Sign In
Join for FREE
Feedback
Dark Mode
Quiz Categories
Sports
Geography
Music
Movies
Television
Just For Fun
Miscellaneous
History
Literature
Language
Science
Gaming
Entertainment
Religion
Holiday
For Kids
Quiz Lab
Recent
Popular Today
Quiz Kudos Today
Editor Picks
Curator Picks
Quizzes by...
Day
Popularity
Type
Ratings
Length
Year
Community
Subscriptions
Recent Discussions
Orange Saloon
Badges
Playlists
Quests
Create
Leaderboards
Showdown
Live 5
Trivia Bingo
Activity
Puzzle Library
Sporcle Events
Private Events
Virtual Trivia
Globe League
Become a Host
Pub Owners
SporcleCon
Opinionation
Our Games
Videos
Blog
Mobile Apps
Partnerships
Remove Ads and Go Orange
Feedback
Miscellaneous
Crossword
General Knowledge
Baby Names
Logo
Food
Cars
Numbers
Grab Bag
University
College
Popular
Company
Slogans
Restaurants
Justice
Letter
Miscellaneous
Crossword
General Knowledge
Baby Names
Logo
Food
Cars
Numbers
Grab Bag
University
College
Popular
Company
Slogans
Restaurants
Justice
Letter
Random Quiz
Search Sporcle
×
Quiz Lab
Quiz Lab
Miscellaneous
Government
Type in answers that appear in a list
Type in answers that appear in a list
Classic
Best Score? Go Orange.
Government Agency by initials Stats
Can you name the Government agency or department by its initials?
By
rgeiger1
8m
28 Questions
126 Plays
126 Plays
126 Plays
Comments
Comments
Give Quiz Kudos
Give Quiz Kudos
-
- Ratings
hide this ad
More Info
Forced Order
Answers have to be entered in order
Answers have to be entered in order
Replay
Link that replays current quiz
Next Quiz
Link to next quiz in quiz playlist
You Got
0%
They Got
Avg Score
53%
Avg Friend Score
Upgrade to see
Score Distribution
Jump to the score distribution portion of the page
Score
0/28
Timer
08:00
0
Plays Today
Agency/Department Initials
Agency/Department
% Correct
USPS
United States Postal Service
92.9%
CIA
Central Intelligence Agency
84.1%
IRS
Internal Revenue Service
80.2%
FBI
Federal Bureau of Investigation
75.4%
ATF
Bureau of Alcohol, Tobacco, and Firearms
70.6%
DOJ
Department of Justice
69%
DOD
Department of Defense
65.9%
SEC
Securities Exchange Commission
65.1%
HUD
Department of Housing and Urban Development
61.9%
DEA
Drug Enforcement Agency
61.9%
DOL
Department of Labor
59.5%
NSA
National Security Agency
55.6%
VA
Department of Veterans Affairs
54%
FEMA
Federal Emergency Management Agency
54%
Agency/Department Initials
Agency/Department
% Correct
NASA
National Aeronautics and Space Administration
53.2%
FDIC
Federal Deposit Insurance Corporation
52.4%
DHS
Department of Homeland Security
52.4%
FAA
Federal Aviation Administration
52.4%
TSA
Transportation Security Administration
42.9%
EEOC
Equal Employment Opportunity Commission
42.1%
OSHA
Occupational Safety & Health Administration
42.1%
CBO
Congressional Budget Office
37.3%
ICE
United States Immigration and Customs Enforcement
35.7%
SBA
Small Business Administration
33.3%
OMB
Office of Management and Budget
31.7%
NOAA
National Oceanic & Atmospheric Administration
26.2%
JCS
Joint Chiefs of Staff
22.2%
GAO
Government Accountability Office
20.6%
Quiz Playlist
Details
Report
Send in Message
Add To Playlist
More Info:
*instead of having to scroll down to see all of the agencies, the initials are listed above the box where the answers are typed in
Classic:
Type in answers that appear in a list
Forced Order:
Answers have to be entered in order
Quiz Source
Last Updated: Feb 16, 2017
Quiz Scoreboard
CHALLENGE
Sign Up to Join the Scoreboard
Show All
Scores
Hide
Comments
May contain spoilers
Recently Published
Alphabetical 'K' Countries by Flag Minefield
by ylime102
Geography
3m
Pick 6: Fruits
by JohnFran
Miscellaneous
15s
Click the 1999 NBA Draft
by nibperrychub
Sports
2m
More to Explore
Quiz From the Vault
Featured Blog Post
15 Basketball Trivia Facts You Can Be March Mad About
hide this ad
You Might Also Like...
Tags
Agency
department
Government
initial
Person
Today's Top Quizzes in Miscellaneous
Browse Miscellaneous
hide this ad
Today's Top Quizzes in Government
Browse Government
Top Contributed Quizzes in Miscellaneous
1
Spring Months consonants
2
Pick 6: Vegetables
3
Pick 6: Supreme Pizza
4
Pick 6: University Mascots
5
Four Seasons
6
Guess the 'S' Things in 3 Words
7
The JOE quick-fire general knowledge quiz: Day 166
8
The JOE quick-fire general knowledge quiz: Day 165
9
Guess the 'T' Things in 3 Words
10
Sporcle Acrostic Puzzle XXXV
Explore More
Trending Topics
Crossword
Kpop
Anime
NBA
Harry Potter
Disney
Marvel
Country
Soccer
Song
Pokémon
NFL
WWE
Puzzle
The Office
hide this ad
More By:
rgeiger1
Quiz
Plays
Rating
Category
Featured
Created
Hip-Hop Artists A-Z
247
4.33
Music
Feb 16, 2011
Government Agency by initials
126
5.00
Miscellaneous
Oct 22, 2010
Go to Creator's Profile
Score Distribution
Quiz Creator Spotlight
rgeiger1
Follow
Send a Message
Quizzes Created
-
Created Quiz Play Count
-
More By This Creator
Popular Quizzes Today
1
Find the US States - No Outlines Minefield
2
Countries of Asia Without Outlines Minefield
3
Pick 6: Fruits
4
Alphabetical 'K' Countries by Flag Minefield
5
The Countries of the World
6
Find the US States
7
Match the Book to the Film X
8
Click the 1999 NBA Draft
More Miscellaneous Quizzes
Universities with the Largest Libraries
Published
Trending Quizzes
Pick 6: Mountains
Pick 6: Harry Potter
Pick 6: NFL Teams
Pick 6: Movie Franchises
Pick 6: Golfers
Recently Updated
NWSL Teams
pecheneg
Women's Final Four Teams by Year
bhenderson79
Presidents Quartet II
eogle
Anything But Clue(do)
eogle
Anything But Oceanian Capitals
eogle
Anything But 7
eogle
Anything But Thing
eogle
Word Ladder: February 29
pecheneg
Song Title Questions
pecheneg
Women's NCAA Tournament #1 Seeds
pecheneg
Trending Topics
Marvel
Crossword
Kpop
Anime
Disney
NBA
Harry Potter
Puzzle
The Office
Song
Country
WWE
Soccer
Pokémon
NFL
Your Account Isn't Verified!
In order to create a playlist on Sporcle, you need to verify the email address you used during registration. Go to your
Sporcle Settings
to finish the process.
Report this User
Report this user for behavior that violates our
Community Guidelines
.
Details:
Send Report
Go to the Sporcle.com Mobile Site →
Comments